|
|
|
|
| LEADER |
01330nam a22002411i 4500 |
| 003 |
GR-PaULI |
| 005 |
20231025133331.0 |
| 008 |
180118s2005 gr a|||g |||| 00| 0 gre d |
| 040 |
|
|
|a GR-PaULI
|b gre
|c GR-PaULI
|e AACR2
|
| 082 |
0 |
4 |
|2 23
|a 791.430 233
|
| 100 |
1 |
|
|9 102496
|a Αγγελίδη- Αντουανέττα
|d 1950-
|e συγγραφέας
|
| 245 |
1 |
0 |
|a Γραφές για τον κινηματογράφο :
|b διεπιστημονικές προσεγγίσεις /
|c Αντουανέττα Αγγελίδη, Ελένη Μαχαίρα, Κωνσταντίνος Κυριακός.
|
| 260 |
|
|
|a Αθήνα :
|b Νεφέλη,
|c 2005.
|
| 300 |
|
|
|a 192 σ. :
|b εικ. ;
|c 21 εκ.
|
| 490 |
1 |
|
|a Κινηματογράφος / Νεφέλη
|
| 500 |
|
|
|a Περιλαμβάνει φιλμογραφία Α. Αγγελίδη.
|
| 700 |
1 |
4 |
|a Μαχαίρα, Ελένη Η.,
|d 1949-
|e συγγραφέας
|9 1504
|
| 700 |
1 |
4 |
|9 89660
|a Κυριακός, Κωνσταντίνος
|e συγγραφέας
|
| 830 |
|
0 |
|9 162403
|a Κινηματογράφος (Νεφέλη).
|
| 942 |
|
|
|2 ddc
|c BK15
|
| 952 |
|
|
|0 0
|1 0
|2 ddc
|4 0
|6 791_430000000000000_233_ΑΓΓ
|7 0
|9 219052
|a THST
|b THST
|d 2018-01-18
|i 004368
|l 5
|m 2
|o 791.430 233 ΑΓΓ
|p 025000254987
|r 2025-01-15 10:24:56
|s 2024-12-09
|t 1
|v 2018.00
|w 2018-01-18
|y BK15
|
| 998 |
|
|
|c ΜΑΝΙΑ
|d 2018-01
|
| 999 |
|
|
|c 132577
|d 132577
|